000 00563nam a22001817a 4500
999 _c186504
_d186504
005 20220308111359.0
010 _aENG-131864
020 _a9789389253382
_c550.00
035 _aEN-115396
037 _bDBAD/PUB
082 _aN
_b1
100 _aMir, Shabir Ahmad
245 _aThe Plague Upon Us/
_cShabir Ahmad Mir
260 _bHachette Book Publishing India Pvt. Ltd.
_aGurugram
_c2020
270 _a4th & 5th Floors, Corporate Centre, Plot No. 94, Sector 44
_bGurugram
_e122003
300 _a232p.
_c20 cm(hbk)
_bAcknowledgement
942 _2ddc
_cEN
_hN
_mMIR